Thiết kế một số bài giảng có tích hợp giáo dục môi trường trong chương trình sinh học 10 (sách cơ bản) ở trường trung học phổ thông của tỉnh Đồng Tháp Khóa luận tốt nghiệp : Sư phạm Sinh - KTNN: Trình độ : Đại học

Đã lưu trong:
書目詳細資料
主要作者: Nguyễn, Hoàng Duy
其他作者: Trần, Đức Tường (hướng dẫn)
格式: 工具包 圖書
語言:Vietnamese
出版: Đồng Tháp Trường Đại học Đồng Tháp 2008
主題:
標簽: 添加標簽
沒有標簽, 成為第一個標記此記錄!
Thư viện lưu trữ: Trung tâm Học liệu Lê Vũ Hùng, Trường Đại học Đồng Tháp
LEADER 01416ppm a22003018a 4500
001 00026837
005 20171026081025.0
008 110831s2008 ||||||viesd
041 0 # |a vie 
082 1 4 |a 570.7  |b TH308K 
100 1 # |a Nguyễn, Hoàng Duy 
245 1 0 |a Thiết kế một số bài giảng có tích hợp giáo dục môi trường trong chương trình sinh học 10 (sách cơ bản) ở trường trung học phổ thông của tỉnh Đồng Tháp  |b Khóa luận tốt nghiệp : Sư phạm Sinh - KTNN: Trình độ : Đại học  |c Nguyễn Hoàng Duy; Trần Đức Tường hướng dẫn 
260 # # |a Đồng Tháp  |b Trường Đại học Đồng Tháp  |c 2008 
300 # # |a 50 tr.  |c 30 cm.  |b bảng, hình ảnh 
500 # # |a ĐTTS ghi: Bộ Giáo dục và Đào tạo. Trường Đại học Đồng Tháp 
504 # # |a Phụ lục : p.1- 14 
650 |a Giáo dục môi trường  |z Đồng Tháp 
653 # # |a Giáo án 
653 # # |a Lớp 10 
653 # # |a Sinh học 
653 # # |a Trung học phổ thông 
700 1 # |a Trần, Đức Tường  |e hướng dẫn 
852 # # |b Kho đọc  |j KD.0011557 
852 # # |j KD.0011557 
910 # # |a Ntuyet  |d 31/08/2011 
980 # # |a Trung tâm Học liệu Lê Vũ Hùng, Trường Đại học Đồng Tháp